000 003400000a22001450004500
001 002551
003 MACL
040 _aMACL
090 _c14544
_d14543
100 _aBhatt, G.P.
245 _aAncient Indian Tradition and Mythology
_cG.P. Bhatt
260 _aMotilal Banarsidass Publisher,
_c2003
650 _aReligion
942 _k295
_cBook
999 _c14461
_d14461